000 00380nas a2200157 a 4500
001 115261
003 203148
005 20201118120652.0
008 ||||||n9999 ||| || ||
245 0 _aAnálisis Político - No.63
260 _aBogotá :
562 _e9
773 _016715
_aAnálisis Político :
942 _cSISS
999 _c115261
_d115261